00591 a2200193 4500001000700000003000400007005001700011008004100028082001600069100001900085245005300104250001200157260002300169300001000192653004200202942001200244999001500256952012600271067503OSt20211214162259.0  a547.2bW25W1 aWarren, Stuart1 aWorkbook for organic synthesiscby Stuart Warren a2nd ed. aIndiabWileyc2009 a265p. aOrganic compounds--Synthesis; Science 2ddccBK c1396d1396 00102ddc40708TXBaCURAJbCURAJd2012-03-07eCHMg6320.00l6o547.2 W25Wp1789r2024-11-21s2023-06-27w2020-09-02yBK